| 000 | 02577nam a2200289Ia 4500 | ||
|---|---|---|---|
| 999 |
_c49632 _d49632 |
||
| 001 | 16564 | ||
| 003 | GE_BSU | ||
| 005 | 20250211165022.0 | ||
| 008 | 181216s2015||||ge |||||||||||||| ||geo|| | ||
| 020 | _a9789941240461 | ||
| 040 | _cGE_BSU | ||
| 041 | _ageo | ||
| 080 | _a27–36 მ-96 | ||
| 245 |
_aმღვდელმოწამე თერაპონე - კვიპროსის ეპისკოპოსი ; ღირსმოწამე ფილოთეა ათენელი წმინდა იტა ლიმერიკელი ; ნეტარი თეოდორიტე კვირელი - ღვთისმოყვარეობითი თხრობანი წმინდა მოწამენი კვირიკე და ივლიტა / _cშემდგენელი კახაბერ კენკიშვილი ; გარეკანის დიზაინი ეთერ გზირიშვილი. |
||
| 264 |
_aთბილისი : _bპალიტრა L, _c2015. |
||
| 300 |
_a198 გვ. ; _c20 სმ. |
||
| 490 |
_aსაქართველოს იმედი II : ყველა წმინდანი, რომელთა შესახებაც უნდა იცოდე / პროექტის რედაქტორი თამარ მამაცაშვილი. _vწიგნი 28. |
||
| 500 | _aიბეჭდება სრულიად საქართველოს კათოლიკოს-პატრიარქის, უწმინდესისა და უნეტარესის ილია II-ის ლოცვა-კურთხევით | ||
| 541 | _h2ლ. | ||
| 653 | _aმღვდელმოწამე თერაპონე-კვიპროსის ეპისკოპოსი | ||
| 653 | _a ღირსმოწამე ფილოთეა ათენელი წმინდა იტალიმერიკელი | ||
| 653 | _a ნეტარი თეოდორიტე კვირელი - ღვთისმოყვარეობითი თხრობანი წმინდა მოწამენი კვირიკე და ივლიტა | ||
| 653 | _aრელიგია | ||
| 700 |
_aკენკიშვილი, კახაბერ _eშემდგენელი _924320 |
||
| 700 |
_aმამაცაშვილი, თამარ _eპროექტის რედაქტორი _924321 |
||
| 942 |
_cBK _2udc |
||